000 01505cam a2200265 4500
001 ABS64656
008 011029n2001 000 0 eng u
035 _a(Sirsi) u115353
100 _aBingham, T
245 _aWatch the small print
260 _c2001
490 _aBuilding
_v266(8206) 19 October 2001, 56-57(2)
520 _aHighlights the relevance of a footnote in JCT 98 which states that a dispute that escalates into arbitration or litigation should be treated as if no adjudication took place. This statement is examined with reference to the case, "City Inn Ltd v Shepherd Construction Ltd" which found that the footnote in JCT 98 was a correct statement of the law and the adjudicator's decision does not affect the burden of proof in any legal action that may follow.
590 _aABS
650 _aEXTENSION OF TIME
650 _aJCT STANDARD FORM OF BUILDING CONTRACT (1998 EDITION)
650 _aBUILT ENVIRONMENT-BUILDING CONTRACT FORMS-STANDARD FORMS OF BUILDING CONTRACT-JOINT CONTRACTS TRIBNUAL CONTRACTS
650 _aCONSTRUCTION DISPUTES
650 _aMANAGEMENT-DISPUTE AVOIDANCE, MANAGEMENT AND RESOLUTION-DISPUTE MANAGEMENT AND RESOLUTION-ALTERNATIVE DISPUTE RESOLUTION-ADJUDICATION
650 _aCITY INN LTD V SHEPHERD CONSTRUCTION LTD
650 _aLITIGATION
650 _aMANAGEMENT-DISPUTE AVOIDANCE, MANAGEMENT AND RESOLUTION-DISPUTE MANAGEMENT AND RESOLUTION-ARBITRATION
690 _aBUILDING AND CONSTRUCTION-CONTRACTS-JCT CONTRACTS
942 _n0
999 _c68701
_d68701